LA COMUNICACION EN LA VIDA COTIDIANA : (Registro nro. 43415)
[ vista simple ]
| 000 -LEADER | |
|---|---|
| fixed length control field | 01034nam a2200205 a 4500 |
| 001 - CONTROL NUMBER | |
| control field | 43415 |
| 005 - DATE AND TIME OF LATEST TRANSACTION | |
| control field | 20180714021928.0 |
| 008 - FIXED-LENGTH DATA ELEMENTS--GENERAL INFORMATION | |
| fixed length control field | 140415s1993 sp 000 0 spa d |
| 020 ## - INTERNATIONAL STANDARD BOOK NUMBER | |
| International Standard Book Number | 8431312653 |
| 041 ## - LANGUAGE CODE | |
| Language code of text/sound track or separate title | spa |
| 082 ## - DEWEY DECIMAL CLASSIFICATION NUMBER | |
| Classification number | 302.2 |
| Item number | ALG |
| 100 1# - MAIN ENTRY--PERSONAL NAME | |
| Personal name | ALGARRA, MANUEL MARTIN |
| 245 13 - TITLE STATEMENT | |
| Title | LA COMUNICACION EN LA VIDA COTIDIANA : |
| Remainder of title | LA FENOMENOLOGIA DE ALFRED SCHUTZ |
| 250 ## - EDITION STATEMENT | |
| Edition statement | 1a ed. |
| 260 ## - PUBLICATION, DISTRIBUTION, ETC. | |
| Place of publication, distribution, etc. | ESPAÑA : |
| Name of publisher, distributor, etc. | EUNSA, |
| Date of publication, distribution, etc. | 1993 |
| 300 ## - PHYSICAL DESCRIPTION | |
| Extent | 276 |
| Dimensions | x 14.5 x 21.5 |
| 490 ## - SERIES STATEMENT | |
| Series statement | CIENCIAS DE LA INFORMACION |
| 520 ## - SUMMARY, ETC. | |
| Summary, etc. | LA COMUNICACION EN LA VIDA COTIDIANA PRETENDE OFRECER AL LECTOR UNA VISION ORDENADA DEL PENSAMIENTO DE ALFRED SCHUTZ. PARA ELLO SE PARTE DE UN PRIMER CAPITULO QUE INTRODUCE AL LECTOR EN LA VIDA Y EL TALANTE INTELECTUAL DE SCHUTZ. A CONTINUACION SE ABORDAN EN LOS CAPITULOS SIGUIENTES LOS CONCEPTO FUNDAMENTALES DE SU SISTEMA DE PENSAMIENTO: EL MUNDO DE LA VIDA, LA TEORIA DE LA ACCION, LA INTERSUBJETIVIDAD Y LA COMUNICACION. |
| 650 14 - SUBJECT ADDED ENTRY--TOPICAL TERM | |
| Topical term or geographic name entry element | COMUNICACION |
| General subdivision | ASPECTOS SOCIALES |
| -- | MEDIOS DE COMUNICACION |
| Withdrawn status | Lost status | Source of classification or shelving scheme | Damaged status | Not for loan | Collection code | Home library | Current library | Shelving location | Date acquired | Source of acquisition | Inventory number | Total Checkouts | Full call number | Barcode | Date last seen | Date last checked out | Price effective from | Koha item type |
|---|---|---|---|---|---|---|---|---|---|---|---|---|---|---|---|---|---|---|
| Dewey Decimal Classification | General | Biblioteca Karol Wojtyla | Biblioteca Karol Wojtyla | Sala general | 03/12/2013 | Compra | 151000000000000000057671 | 302.2 ALG | 65279 | 05/01/2026 | 22/10/2014 | 03/12/2013 | Libro |